| 000 | nam a22 7a 4500 | ||
|---|---|---|---|
| 999 |
_c4746 _d235250 |
||
| 080 | _a349.6 D 713 | ||
| 100 |
_4aut _aDominella, Stella Maris |
||
| 245 | _aEl medio Ambiente y la Inconciencia Colectiva | ||
| 300 | _a81 P. | ||
| 500 | _aDirector de tesis: | ||
| 502 | _aTesis (Especializacion para la Magistratura)--Universidad Nacional de Mar del Plata. Facultad de Derecho. Departamento de Posgrado, 2006. | ||
| 504 | _aTiene Bibliografia: P. 31. | ||
| 650 |
_2IEDCYT _amedio ambiente _aderecho ambiental |
||
| 945 |
_acd _d2018-06-21 |
||